Statistics for The Magnus Archives Episodes

Click here to take the quiz!

General Stats

  • This quiz has been taken 48 times
  • The average score is 84 of 200

Answer Stats

HintAnswer% Correct
MAG 1Angler Fish
100%
MAG 2Do Not Open
93%
MAG 3Across the Street
87%
MAG 160The Eye Opens
87%
MAG 159The Last
87%
MAG 34Anatomy Class
80%
MAG 15Lost Johns' Cave
80%
MAG 7The Piper
80%
MAG 21Freefall
73%
MAG 42Grifter's Bone
73%
MAG 200Last Words
73%
MAG 130Meat
73%
MAG 6Squirm
73%
MAG 5Thrown Away
73%
MAG 26A Distortion
67%
MAG 81A Guest For Mr. Spider
67%
MAG 13Alone
67%
MAG 131Flesh
67%
MAG 32Hive
67%
MAG 24Strange Music
67%
MAG 80The Librarian
67%
MAG 97We All Ignore the Pit
67%
MAG 162A Cosy Cabin
60%
MAG 9A Father's Love
60%
MAG 8Burned Out
60%
MAG 11Dreamer
60%
MAG 111Family Business
60%
MAG 4Page Turner
60%
MAG 14Piecemeal
60%
MAG 165Revolutions
60%
MAG 119Stranger and Stranger
60%
MAG 17The Boneturner's Tale
60%
MAG 18The Man Upstairs
60%
MAG 10Vampire Killer
60%
MAG 27A Sturdy Lock
53%
MAG 45Bloodbag
53%
MAG 176Blood Ties
53%
MAG 37Burnt Offering
53%
MAG 19Confession
53%
MAG 103Cruelty Free
53%
MAG 88Dig
53%
MAG 169Fire Escape
53%
MAG 31First Hunt
53%
MAG 40Human Remains
53%
MAG 39Infestation
53%
MAG 30Killing Floor
53%
MAG 184Like Ants
53%
MAG 166The Worms
53%
MAG 44Tightrope
53%
MAG 177Wonderland
53%
MAG 101Another Twist
47%
MAG 16Arachnophobia
47%
MAG 65Binary
47%
MAG 154Bloody Mary
47%
MAG 33Boatswain's Call
47%
MAG 22Colony
47%
MAG 110Creature Feature
47%
MAG 121Far Away
47%
MAG 12First Aid
47%
MAG 100I Guess You Had To Be There
47%
MAG 98Lights Out
47%
MAG 38Lost and Found
47%
MAG 173Night Night
47%
MAG 92Nothing Beside Remains
47%
MAG 158Panopticon
47%
MAG 156Reflection
47%
MAG 127Remains to be Seen
47%
MAG 168Roots
47%
MAG 23Schwartzwald
47%
MAG 54Still Life
47%
MAG 172Strung Out
47%
MAG 36Taken Ill
47%
MAG 115Taking Stock
47%
MAG 118The Masquerade
47%
MAG 47The New Door
47%
MAG 178The Processing Line
47%
MAG 164The Sick Village
47%
MAG 196This Old House
47%
MAG 105Total War
47%
MAG 192An Appointment
40%
MAG 90Body Builder
40%
MAG 67Burning Desire
40%
MAG 29Cheating Death
40%
MAG 56Children of the Night
40%
MAG 20Desecrated Host
40%
MAG 78Distant Cousin
40%
MAG 99Dust to Dust
40%
MAG 161Dwelling
40%
MAG 175Epoch
40%
MAG 120Eye Contact
40%
MAG 25Growing Dark
40%
MAG 61Hard Shoulder
40%
MAG 181Ignorance
40%
MAG 124Left Hanging
40%
MAG 46Literary Heights
40%
MAG 102Nesting Instinct
40%
MAG 60Observer Effect
40%
MAG 35Old Passages
40%
MAG 189Peers
40%
MAG 57Personal Space
40%
MAG 73Police Lights
40%
MAG 198Precipice
40%
MAG 170Recollection
40%
MAG 43Section 31
40%
MAG 104Sneak Preview
40%
MAG 91The Coming Storm
40%
MAG 174The Great Beast
40%
MAG 77The Kind Mother
40%
MAG 136The Puppeteer
40%
MAG 87The Uncanny Valley
40%
MAG 41Too Deep
40%
MAG 85Upon the Stair
40%
MAG 123Web Development
40%
MAG 182Wellbeing
40%
MAG 191What We Lose
40%
MAG 122Zombie
40%
MAG 195Adrift
33%
MAG 75A Long Way Down
33%
MAG 106A Matter of Perspective
33%
MAG 187Checking Out
33%
MAG 149Concrete Jungle
33%
MAG 155Cost of Living
33%
MAG 53Crusader
33%
MAG 94Dead Woman Walking
33%
MAG 144Decrypted
33%
MAG 132Entombed
33%
MAG 62First Edition
33%
MAG 128Heavy Goods
33%
MAG 79Hide and Seek
33%
MAG 51High Pressure
33%
MAG 163In the Trenches
33%
MAG 185Locked In
33%
MAG 48Lost in the Crowd
33%
MAG 153Love Bombing
33%
MAG 109Nightfall
33%
MAG 186Quiet
33%
MAG 59Recluse
33%
MAG 96Return to Sender
33%
MAG 199Seeing it Through
33%
MAG 28Skintight
33%
MAG 72Takeaway
33%
MAG 117Testament
33%
MAG 138The Architecture of Fear
33%
MAG 63The End of the Tunnel
33%
MAG 82The Eyewitnesses
33%
MAG 171The Gardener
33%
MAG 116The Show Must Go On
33%
MAG 76The Smell of Blood
33%
MAG 69Thought for the Day
33%
MAG 86Tucked In
33%
MAG 89Twice as Bright
33%
MAG 147Weaver
33%
MAG 193A Stern Look
27%
MAG 151Big Picture
27%
MAG 70Book of the Dead
27%
MAG 64Burial Rites
27%
MAG 125Civilian Casualties
27%
MAG 150Cul-De-Sac
27%
MAG 167Curiosity
27%
MAG 133Dead Horse
27%
MAG 141Doomed Voyage
27%
MAG 83Drawing A Blank
27%
MAG 52Exceptional Risk
27%
MAG 148Extended Surveillance
27%
MAG 50Foundation
27%
MAG 143Heart of Darkness
27%
MAG 66Held in Customs
27%
MAG 108Monologue
27%
MAG 183Monument
27%
MAG 180Moving On
27%
MAG 55Pest Control
27%
MAG 157Rotten Core
27%
MAG 190Scavengers
27%
MAG 129Submerged
27%
MAG 49The Butcher's Window
27%
MAG 68The Tale of a Field Hospital
27%
MAG 107Third Degree
27%
MAG 112Thrill of the Chase
27%
MAG 58Trail Rations
27%
MAG 179Accomplice
20%
MAG 152A Gravedigger's Entry
20%
MAG 139Chosen
20%
MAG 197Connected
20%
MAG 93Contaminant
20%
MAG 114Cracked Foundation
20%
MAG 135Dark Matter
20%
MAG 74Fatigue
20%
MAG 145Infectious Doubts
20%
MAG 137Nemesis
20%
MAG 194Parting
20%
MAG 84Possessive
20%
MAG 142Scrutiny
20%
MAG 140The Movement of the Heavens
20%
MAG 134Time of Revelation
20%
MAG 71Underground
20%
MAG 95Absent Without Leave
13%
MAG 113Breathing Room
13%
MAG 188Centre of Attention
13%
MAG 126Sculptor's Tool
13%
MAG 146Threshold
13%

Score Distribution

Percentile by Number Answered

Percent of People with Each Score

Your Score History

You have not taken this quiz